| 000 | 00832nam a2200253 a 4500 | ||
|---|---|---|---|
| 001 | 57918 | ||
| 003 | BD-RjUL | ||
| 005 | 20211209080550.0 | ||
| 008 | 161212s1977 bg b b 000 0 eng | ||
| 020 | _cTk35.00 ($5.00 U.S.) | ||
| 035 | _a(BD-RjUL)58042 | ||
| 040 |
_aDLC _cDLC _dBD-RjUL _beng |
||
| 041 | _aeng | ||
| 082 | 0 | 0 |
_a304.62095492 _223 _bDUC 1977 |
| 100 | 2 |
_aBadrud Duza, M. _9172022 |
|
| 245 | 1 | 0 |
_aCultural consequences of population change in Bangladesh / _cM. Badrud Duza. |
| 260 |
_aDacca : _bAsfia Duza : distributor, Ali Publications, _c1977 |
||
| 300 |
_axv, 160 p. : _bill, ; _c22 cm. |
||
| 504 | _aBibliography: p. [139]-160. | ||
| 651 | 0 |
_aBangladesh _xPopulation _xSocial aspects. _9172023 |
|
| 651 | 0 |
_aBangladesh _xPopulation policy _xSocial aspects. _9172024 |
|
| 942 |
_2ddc _cBK |
||
| 999 |
_c57918 _d57918 |
||